Kursus Penyeliaan Untuk Kerani dan Juruteknik Penilaian (20 - 25 Mac 1989)

Bibliographic Details
Format: Book
Subjects:
Online Access:http://app.inspen.gov.my:7779/pls/portal/docs/PAGE/CORPORATEPAGES/PORTAL_INSPEN/NOTA_KURSUS/K/LF.PDF

MARC

LEADER 00000cam a2200000 7i4500
001 0000006714
005 20071126.0
040 |a INS 
090 0 0 |a K10 
245 0 0 |a Kursus Penyeliaan Untuk Kerani dan Juruteknik Penilaian (20 - 25 Mac 1989) 
500 |a Digital document is available on-line; Please click the URL below 
650 0 0 |a Perkeranian 
856 |u http://app.inspen.gov.my:7779/pls/portal/docs/PAGE/CORPORATEPAGES/PORTAL_INSPEN/NOTA_KURSUS/K/LF.PDF 
999 |a K000000020   |b BOOK   |c Course Notes   |e Default branch 
999 |a K000000167   |b BOOK   |c Course Notes   |e Default branch